00525nam a2200169Ia 4500008004100000020001500041041000800056082001700064100001800081245008500099250000600184260001700190300001000207650000900217999001900226952011000245210716s2003 xx 000 0 und d a1841120863 aeng a658.162 GRUT aGrundy, Tony. aSmart things to know about: mergers and acquisitions.bMergers and acquisitions. a1 aOxfordc2003 ax,252 aNone c206447d206447 001040708MBAaAIMITbAIMITd2011-02-14l0o658.162 GRUTpMBA09013r2026-05-23 00:00:00w2021-07-16yBK